Vplyv menových kurzov a prepočítavacích koeficientov pri intenzifikácii vonkajších ekonomických vzťahov ČSSR kandidátska dizertačná práca

Gespeichert in:
Bibliographische Detailangaben
1. Verfasser: Sajalová, Zdenka
Körperschaft: Vysoká škola ekonomická v Bratislave
Weitere Verfasser: Raček, Pavol
Format: Buch
Sprache:Slowakisch
Veröffentlicht: Bratislava 1985
Schlagworte:
Tags: Tag hinzufügen
Keine Tags, Fügen Sie das erste Tag hinzu!

MARC

LEADER 00000nam a2200000 4500
001 c110813
005 20230116084346.7
041 0 |a slo 
044 |a SK 
245 1 0 |a Vplyv menových kurzov a prepočítavacích koeficientov pri intenzifikácii vonkajších ekonomických vzťahov ČSSR  |b kandidátska dizertačná práca  |c Zdenka Sajalová ; školiteľ: Pavol Raček 
264 1 |a Bratislava  |c 1985 
300 |a 184 s. 
610 2 0 |a kurz menový 
610 2 0 |a socializmus 
610 2 0 |a kapitalizmus 
610 2 0 |a vývoj menový 
610 2 0 |a vyrovnanie cenové 
610 2 0 |a vzťahy hospodárske vonkajšie 
610 2 0 |a zmeny štruktúrne 
610 2 0 |a koruna 
100 1 |a Sajalová, Zdenka 
700 1 |a Raček, Pavol 
710 2 |a Vysoká škola ekonomická v Bratislave